Strojárstvo

Z obsahu: Strojárstvo dopláca na zdedenú štruktúru a nedostatok investícií. Ku kompatibilite s Európskou úniou vedú vysoké tempá rastu. Rozvojové programy na podporu strojárstva. Strojárske programy na podporu budovania infraštruktúry vytvoria kompatibilné prostredie s EÚ. Prísna legislatíva a nové...

Descripción completa

Guardado en:
Detalles Bibliográficos
Formato: Capítulo de libro
Lenguaje:eslovaco
Materias:
Etiquetas: Agregar Etiqueta
Sin Etiquetas, Sea el primero en etiquetar este registro!

MARC

LEADER 00000naa a2200000 4500
001 r026544
005 20230921080336.1
041 0 |a slo 
044 |a SK 
245 1 0 |a Strojárstvo 
520 |a Z obsahu: Strojárstvo dopláca na zdedenú štruktúru a nedostatok investícií. Ku kompatibilite s Európskou úniou vedú vysoké tempá rastu. Rozvojové programy na podporu strojárstva. Strojárske programy na podporu budovania infraštruktúry vytvoria kompatibilné prostredie s EÚ. Prísna legislatíva a nové technológie predchádzajú nepriaznivým dosahom na životné prostredie. Návrh opatrení a systémových nástrojov na podporu a rozvoj strojárskej výroby. 
610 2 0 |a priemysel strojársky 
610 2 0 |a investície 
610 2 0 |a programy rozvojové 
610 2 0 |a infraštruktúra 
610 2 0 |a technológie nové 
610 2 0 |a legislatíva 
610 2 0 |a prostredie životné 
610 2 0 |a Slovensko 
610 2 0 |a Európska únia